Volkstümliche Geschichte der Juden : in drei Bänden. Band 2, Von der zweitmaligen Zerstörung Jerusalems unter Kaiser Vespasian bis zu den massenhaften Zwangstaufen der Juden in Spanien / H. Graetz
Record details
- Physical Description: 666 s.
- Publisher: Berlin : Harz, 1923
Search for related items by subject
| Subject: | židovské dějiny, kultura |
| Genre: | monografie |
Available copies
- 1 of 1 copy available at Common Catalog SPOK.
Holds
- 0 current holds with 1 total copy.
Show Only Available Copies
| Location | Call Number / Copy Notes | Barcode | Shelving Location | Status | Due Date |
|---|---|---|---|---|---|
| The Jewish community of Prague | J 13 / 2 c | 4638304308 | J - Judaika | Available | - |
| LDR | 00897cam a22002537a 4500 | ||
|---|---|---|---|
| 001 | 56405 | ||
| 003 | CZ-PrJAB | ||
| 005 | 20020416000000.0 | ||
| 007 | ta | ||
| 008 | 960821s1923 gw |||||r|||||||| ||ger|d | ||
| 035 | . | ‡a(CZ PrSKC)990002644230106986 | |
| 040 | . | ‡aABD005 ‡bcze ‡cABD005 ‡dABD005 | |
| 044 | . | ‡agw ‡aau | |
| 100 | 1 | . | ‡aGraetz, Heinrich, ‡d1817-1891 ‡7skuk0002721 ‡4aut |
| 245 | 1 | 0. | ‡aVolkstümliche Geschichte der Juden : ‡bin drei Bänden. ‡nBand 2, ‡pVon der zweitmaligen Zerstörung Jerusalems unter Kaiser Vespasian bis zu den massenhaften Zwangstaufen der Juden in Spanien / ‡cH. Graetz |
| 260 | . | ‡aBerlin : ‡bHarz, ‡c1923 | |
| 300 | . | ‡a666 s. | |
| 650 | 0 | 4. | ‡ažidovské dějiny, kultura |
| 655 | 7. | ‡amonografie ‡7fd132842 ‡2czenas | |
| 910 | . | ‡aABA006 ‡x000065211 ‡bF58626 ‡wl | |
| 910 | . | ‡aABD005 ‡x990002644230106986 ‡wl | |
| 910 | . | ‡aABE461 ‡bJ 13/2 c | |
| 995 | . | ‡aska | |
| 910 | . | ‡aTAE001 ‡bB3194/2 ‡pprezenčně | |
| 901 | . | ‡a56405 ‡bAUTOGEN ‡c56405 ‡tbiblio | |